000 00963nam a22002657a 4500
005 2011080406576.0
008 090728t xxu||||| |||| 00| 0 pun d
010 _aPUN-6991
020 _c100.00
_a9788178563039
035 _aPN-6109
037 _bDBAD / PUB
040 _adpl
_bpn
082 _a821
100 _924414
_aਬਸਰਾ, ਜਸਵੰਤ ਸਿੰਘ
245 _aਬਾਬੇ ਦੀ ਕਲਮ /
_cਜਸਵੰਤ ਸਿੰਘ ਬਸਰਾ
246 _aBabe di kalam
_bby Jaswant Singh Basra
260 _aAmritsar
_bWaris Sah Foundations
_c2011
270 _a42, Guru Tegh Bahadur Nagar,
_bAmritsar
_e143002
_k0183-2450520
300 4 _a80ਸਫੇ
_c24ਸੇਮੀ (ਸਜਿਲੱਦ)
600 _931401
650 _924431
700 _931690
942 _2ddc
_cPN
_h851
_mਬਸਰਾ
999 _c55520
_d55520